La violencia polt̕ica Un anl̀isis criminolg̤ico

Detalles Bibliográficos
Formato: Seriadas
Lenguaje:español
Publicado: Barcelona : Editorial Anthropos, 2009
Materias:
Acceso en línea:http://www.vlex.com/source/9500

MARC

LEADER 00000nas a22000007a 4500
005 20130326180035.0
007 cr|||| ||||
008 130326e2009 spa|||||s|||| 00||0 spa d
020 |a 978-84-7658-930-4 
035 |a 9500 
040 |a vLex 
090 |c 4033  |d 4033 
245 0 3 |a La violencia polt̕ica  |b Un anl̀isis criminolg̤ico  |h [Recurso electrn̤ico]  
256 |a Servicio en ln̕ea 
260 |a Barcelona :  |b Editorial Anthropos,   |c 2009 
300 |a 1 Recurso electrn̤ico 
506 |d vLex Global  |d vLex Global (Academic Edition, excluding Law Schools)  |d vLex Global (U.S. Academic Edition, Law Schools)  |d vLex Global (U.S. Academic Edition, excluding Law Schools)  |d vLex Global (Academic Edition, Law Schools) 
650 0 4 |a Criminologa̕ 
650 0 4 |a Violencia 
650 0 4 |a Sociologa̕ 
740 |a vLex Libros (Servicio en ln̕ea) 
856 |a Acceso restringido  |u http://www.vlex.com/source/9500 
942 |c BOOK 
999 0 |a Criminology